Gazdálkodás

Enregistré dans:
Détails bibliographiques
Format: Publication en série
Langue:hongrois
Publié: Budapest Mezögazdasági és Élelmezésugyi Minisztérium 1989
Sujets:
Tags: Ajouter un tag
Pas de tags, Soyez le premier à ajouter un tag!

MARC

LEADER 00000nas2a2200000 4500
001 s035584
005 20250730114146.5
041 0 |a hun 
044 |a HU 
245 1 0 |a Gazdálkodás 
264 1 |a Budapest  |b Mezögazdasági és Élelmezésugyi Minisztérium  |c 1989 
300 |a 2 zv. 
773 0 |w eu_un_cat*s120716 
610 2 0 |a poľnohospodárstvo